Loading...

Bankome anuvadh pravidhi /

Bibliografiske detaljer
Hovedforfatter: Seehta Krichithpadam
Format: Printed Book
Sprog:Hindi
Udgivet: Bharatiya Anuvad Parishad , 1991.
LEADER 00464nam a2200133Ia 4500
008 150624b xxu||||| |||| 00| | hin d
082 |a 418.02 
100 |a Seehta Krichithpadam 
245 |c Seehta Krichithpadam  |a Bankome anuvadh pravidhi / 
260 |b Bharatiya Anuvad Parishad ,  |c 1991. 
546 |a In Hindi. 
942 |c BK 
999 |c 92421  |d 92421 
952 |0 0  |1 0  |2 ddc  |4 0  |6 418_020000000000000_SEE_B_H  |7 0  |9 92363  |a UL  |b UL  |c ST2  |d 1998-09-15  |l 0  |o 418.02 SEE/B H  |p 65349  |r 2012-10-27  |y BK